[Event "Florianopolis Winter op 6th"]
[Site "Florianopolis"]
[Date "2022.07.13"]
[Round "1"]
[White "Do Valle Cardoso, Lucas"]
[Black "Komatu, Felipe Karczewski"]
[Result "1-0"]
[WhiteElo "2185"]
[BlackElo "1659"]
[PlyCount "99"]
[EventDate "2022.07.13"]
[EventType "swiss"]
[EventRounds "9"]
[EventCountry "BRA"]
[SourceTitle "CBM 209 Extra"]
[Source "ChessBase"]
[SourceDate "2022.09.30"]
[SourceVersion "1"]
[SourceVersionDate "2022.09.30"]
[SourceQuality "1"]

1. e4 c5 2. Nf3 Nc6 3. Nc3 e5 4. Bc4 Be7 5. d3 Nf6 6. Nd2 0-0 7. Nf1 d6 8. Ne3 Be6 9. 0-0 Ne8 10. Ncd5 Rb8 11. a3 b5 12. Ba2 Bg5 13. g3 Kh8 14. f4 exf4 15. gxf4 Bh6 16. f5 Bxd5 17. Nxd5 Bxc1 18. Rxc1 Nf6 19. Nf4 Ne5 20. Kh1 g5 21. Nh3 d5 22. Nxg5 Nfg4 23. Nf3 dxe4 24. Nxe5 Nxe5 25. Qe2 Qh4 26. Bd5 Ng4 27. Bxe4 Rbe8 28. Rf4 h5 29. Rg1 Qf6 30. h3 Qh6 31. Qd2 Nf6 32. Bg2 Re5 33. Rgf1 Rxf5 34. Qf2 Rxf4 35. Qxf4 Qxf4 36. Rxf4 Kg7 37. Rf5 Rc8 38. Kg1 Kg6 39. Re5 Rc7 40. Kf2 Nd7 41. Be4+ Kh6 42. Rf5 f6 43. Bf3 Kg6 44. Rxh5 Ne5 45. Be2 b4 46. axb4 cxb4 47. d4 Nc4 48. Rc5 Rxc5 49. dxc5 Ne5 50. Bb5 1-0

[Event "Florianopolis Winter op 6th"]
[Site "Florianopolis"]
[Date "2022.07.13"]
[Round "2"]
[White "Komatu, Felipe Karczewski"]
[Black "Kim, Andre"]
[Result "1/2-1/2"]
[WhiteElo "1659"]
[BlackElo "1158"]
[PlyCount "101"]
[EventDate "2022.07.13"]
[EventType "swiss"]
[EventRounds "9"]
[EventCountry "BRA"]
[SourceTitle "CBM 209 Extra"]
[Source "ChessBase"]
[SourceDate "2022.09.30"]
[SourceVersion "1"]
[SourceVersionDate "2022.09.30"]
[SourceQuality "1"]

1. c4 e5 2. Nc3 Nc6 3. Nf3 Nf6 4. g3 d6 5. Bg2 g6 6. 0-0 Bg7 7. Rb1 0-0 8. b4 a6 9. d3 Be6 10. Ng5 d5 11. cxd5 Bxd5 12. Nxd5 Nxd5 13. Bd2 Bh6 14. Nxf7 Rxf7 15. Bxd5 Qxd5 16. Bxh6 Qxa2 17. Be3 Rd8 18. b5 axb5 19. Rxb5 b6 20. Qd2 Qxd2 21. Bxd2 e4 22. Bg5 Re8 23. dxe4 Rxe4 24. e3 Rd7 25. Rc1 Na5 26. Bf4 Rc4 27. Rbb1 Rxc1+ 28. Rxc1 c5 29. Kf1 c4 30. Ke2 b5 31. Rd1 Rxd1 32. Kxd1 c3 33. Kc2 b4 34. Bd6 Nc6 35. f4 Kf7 36. Bc5 Ke6 37. e4 h6 38. h3 g5 39. Kb3 Kf6 40. Be3 gxf4 41. Bxf4 h5 42. g4 hxg4 43. hxg4 Kg6 44. g5 Kf7 45. Be3 Ke6 46. Bc5 Kf7 47. Bxb4 Nxb4 48. Kxc3 Nc6 49. Kc4 Kg6 50. Kd5 Ne7+ 51. Ke6 1/2-1/2

[Event "BRA-ch Amateur U1600"]
[Site "Sao Paulo"]
[Date "2022.06.16"]
[Round "1"]
[White "Komatu, Felipe Karczewski"]
[Black "Favareto, Luca Perosa"]
[Result "1-0"]
[WhiteElo "1585"]
[BlackElo "1211"]
[PlyCount "65"]
[EventDate "2022.06.16"]
[EventType "swiss"]
[EventRounds "7"]
[EventCountry "BRA"]
[SourceTitle "CBM 208 Extra"]
[Source "ChessBase"]
[SourceDate "2022.07.31"]
[SourceVersion "1"]
[SourceVersionDate "2022.07.31"]
[SourceQuality "1"]

1. c4 Nf6 2. Nc3 d5 3. cxd5 Nxd5 4. Nf3 g6 5. e3 Bg7 6. Be2 0-0 7. 0-0 c5 8. a3 Nc6 9. Qc2 Bf5 10. e4 Nxc3 11. dxc3 Be6 12. Be3 b6 13. Rad1 Qc7 14. b4 cxb4 15. cxb4 Rac8 16. Rc1 Qb7 17. Qb1 h6 18. Rfd1 Rfd8 19. h3 Rxd1+ 20. Bxd1 Kh7 21. Bb3 Nd8 22. Bxe6 Nxe6 23. Rxc8 Qxc8 24. Qd3 Bb2 25. Bxh6 Bxa3 26. Qxa3 Kxh6 27. Qxa7 Qc1+ 28. Kh2 Qf4+ 29. Kh1 Ng5 30. Qxb6 Nxf3 31. gxf3 Qxf3+ 32. Kg1 Qxe4 33. Qe3+ 1-0

[Event "Taubate op 2nd"]
[Site "Taubate"]
[Date "2021.12.18"]
[Round "4"]
[White "Luz, Fabio Cesar Da"]
[Black "Komatu, Felipe Karczewski"]
[Result "1-0"]
[WhiteElo "1718"]
[BlackElo "1474"]
[PlyCount "47"]
[EventDate "2021.12.16"]
[EventType "swiss"]
[EventRounds "6"]
[EventCountry "BRA"]
[SourceTitle "CBM 206 Extra"]
[Source "ChessBase"]
[SourceDate "2022.03.31"]
[SourceVersion "1"]
[SourceVersionDate "2022.03.31"]
[SourceQuality "1"]

1. e4 c6 2. d4 d5 3. e5 Bf5 4. g4 Bd7 5. Bd3 e6 6. Nf3 c5 7. c3 Nc6 8. b3 Qb6 9. Bb2 cxd4 10. cxd4 Nb4 11. Nc3 Nxd3+ 12. Qxd3 Nh6 13. h3 Be7 14. 0-0 0-0 15. Bc1 Rac8 16. Bxh6 gxh6 17. Qe3 Kg7 18. Ne2 Qd8 19. Nh2 Bb5 20. Ng3 Bxf1 21. Nh5+ Kg6 22. Rxf1 Rg8 23. f4 Rc2 24. f5+ 1-0

[Event "Pan American-ch Hybrid U14 31st"]
[Site "Tornelo INT"]
[Date "2021.09.04"]
[Round "5"]
[White "Frutos Moreno, Carlos Manuel"]
[Black "Komatu, Felipe Karczewski"]
[Result "1/2-1/2"]
[WhiteElo "1486"]
[BlackElo "1285"]
[PlyCount "51"]
[EventDate "2021.09.04"]
[EventType "swiss"]
[EventRounds "9"]
[EventCountry "NET"]
[SourceTitle "EXT 2023"]
[Source "ChessBase"]
[SourceDate "2022.10.05"]
[SourceVersion "1"]
[SourceVersionDate "2022.10.05"]
[SourceQuality "1"]

1. d4 Nf6 2. Nf3 g6 3. c4 Bg7 4. Nc3 d5 5. cxd5 Nxd5 6. e4 Nxc3 7. bxc3 c5 8. Bb5+ Bd7 9. Bxd7+ Qxd7 10. 0-0 Nc6 11. Be3 cxd4 12. cxd4 Rd8 13. Rb1 Nxd4 14. Nxd4 Bxd4 15. Bxd4 Qxd4 16. Qxd4 Rxd4 17. Rxb7 0-0 18. Rxa7 Rxe4 19. g3 Rc8 20. Kg2 Rc2 21. Kf3 Ree2 22. a4 Ra2 23. a5 Rec2 24. Re1 Rxf2+ 25. Ke3 Rxh2 26. Kd4 1/2-1/2